00449nam a22001692 4500001001100000005001700011008004100028020001700069040001500086100003300101245003900134250001200173260003900185300001600224650003600240852000300276000001971020151217155902.0110121s xx 000 0 eng d a9966497528 : aKABUcKABU1 aMohamed, Said A.@000015215110aJicho la ndani /cSaid A. Mohamed. a1st ed. aNairobi, Kenya :bLonghorn,c2002. axiv, 176 p. 0aSwahili literature.@00001787351